| 000 | 01281cam a2200229 4500 | ||
|---|---|---|---|
| 001 | ##L135386 | ||
| 008 | 061023n2006 000 0 eng u | ||
| 035 | _a(Sirsi) u135386 | ||
| 041 | 0 | _aeng | |
| 050 | 0 | 4 | _a711.242 $2 18 |
| 110 | 2 |
_aTown and Country Planning Association _93022 |
|
| 245 | 0 | 0 |
_aPlanning Policy Statement 26 _btackling climate change through planning _bthe government's objectives _bdiscussion document |
| 260 |
_aLondon _bTCPA _c2006 |
||
| 520 | _aDebates the necessary scope and contents of the DCLG's forthcoming Planning Policy Statement on climate change. Covers the delivery of sustainable communities, the case for action on climate change and the government response to climate change. Looks at the key policy principles, the policy approach and the implementation of climate change policy. Discusses the determination of planning applications. | ||
| 590 | _aIKA311006 | ||
| 650 | 2 | 4 | _aPLANNING POLICY STATEMENT 26 |
| 651 | 4 |
_aEngland _y886- |
|
| 690 | _aENVIRONMENTAL AND LAND CONSULTANCY-PLANNING AND DEVELOPMENT-PLANNING GUIDANCE | ||
| 710 | 2 |
_aFriends of the Earth _92325 |
|
| 856 | 4 | 0 |
_uhttps://www.foe.co.uk/resource/briefings/pps26_discussion_paper.pdf _zView the discussion document free of charge at the www.foe.co.uk website. |
| 942 | _n0 | ||
| 999 |
_c106033 _d106033 |
||